Statistics for Unitary states

Click here to take the quiz!

General Stats

  • This quiz has been taken 8 times
  • The average score is 108 of 167

Answer Stats

Answer% Correct
Jamaica
86%
Marshall Islands
86%
Nicaragua
86%
Dominica
86%
Myanmar
86%
Norway
86%
El Salvador
86%
Finland
86%
Vanuatu
86%
Panama
86%
Vietnam
86%
Guyana
86%
Haiti
86%
Bahrain
86%
Laos
86%
Barbados
86%
Cuba
86%
Dominican Republic
86%
South Korea
86%
Samoa
86%
United Kingdom
86%
Taiwan
86%
Thailand
86%
Suriname
86%
Tuvalu
86%
Belarus
86%
Solomon Islands
86%
Tonga
86%
Burundi
86%
Sweden
86%
Macedonia
71%
Lithuania
71%
Andorra
71%
Tajikistan
71%
Maldives
71%
Antigua and Barbuda
71%
Slovenia
71%
Latvia
71%
Bahamas
71%
Serbia
71%
Mauritania
71%
Uzbekistan
71%
Uruguay
71%
San Marino
71%
Tanzania
71%
Ukraine
71%
Uganda
71%
Mongolia
71%
Albania
71%
Nauru
71%
Belize
71%
Rwanda
71%
Tunisia
71%
North Korea
71%
Togo
71%
Paraguay
71%
Kenya
71%
Slovakia
71%
Chile
71%
Chad
71%
China
71%
Costa Rica
71%
Croatia
71%
Cyprus
71%
Czech Republic
71%
Saint Lucia
71%
Qatar
71%
Cameroon
71%
Bulgaria
71%
Bolivia
71%
Benin
71%
Estonia
71%
Fiji
71%
Morocco
71%
Gabon
71%
Denmark
71%
Georgia
71%
Ghana
71%
Cambodia
71%
Monaco
71%
Guatemala
71%
Azerbaijan
71%
Armenia
71%
Gambia
71%
Kuwait
71%
Japan
71%
Singapore
71%
Indonesia
71%
Grenada
71%
Sri Lanka
57%
Saudi Arabia
57%
South Africa
57%
Bhutan
57%
Turkey
57%
Syria
57%
Saint Vincent and the Grenadines
57%
Papua New Guinea
57%
Oman
57%
Brunei
57%
Turkmenistan
57%
New Zealand
57%
Netherlands
57%
Luxembourg
57%
Lesotho
57%
Afghanistan
57%
Vatican City
57%
Ivory Coast
57%
Seychelles
57%
East Timor
57%
Libya
57%
Liberia
57%
Ecuador
57%
Kyrgyzstan
57%
Kiribati
57%
Kazakhstan
57%
Italy
57%
Colombia
57%
Israel
57%
Ireland
57%
Iran
57%
Iceland
57%
Egypt
57%
Honduras
57%
Eritrea
57%
Djibouti
57%
Central African Republic
57%
Greece
57%
Peru
57%
Algeria
57%
Angola
57%
Romania
57%
Bangladesh
57%
Poland
57%
Philippines
57%
Palau
57%
Burkina Faso
57%
Niger
57%
Montenegro
57%
Moldova
57%
Mauritius
57%
Malta
57%
Mali
57%
France
57%
Cape Verde
43%
Spain
43%
Botswana
43%
Equatorial Guinea
43%
Sierra Leone
43%
Guinea
43%
Liechtenstein
43%
Senegal
43%
Sao Tome and Principe
43%
Portugal
43%
Trinidad and Tobago
43%
Madagascar
43%
Yemen
43%
Zambia
43%
Zimbabwe
43%
Lebanon
43%
Hungary
43%
Jordan
43%
Guinea-Bissau
43%
Namibia
43%
Malawi
29%
Mozambique
29%
Democratic Republic of Congo
14%
Republic of Congo
14%

Score Distribution

Percentile by Number Answered

Percent of People with Each Score

Your Score History

You have not taken this quiz